LEADER 01709nas a2200289 i 4500 001 000000222786 003 CaOOAMICUS 005 20131007000000.0 008 130925b2012 it uu u0 0mul r 013 $a201683 020 $a978-88-6434-060-9 040 $aSeMil$bita 245 10$aAntonino Pierozzi OP (1389-1459) :$bla figura e l'opera di un santo arcivescovo nell'Europa del Quattrocento : Atti del Convegno internazionale di studi storici, Firenze, 25-28 novembre 2009 /$ca cura di Luciano Cinelli e Maria Pia Paoli. 260 $aFirenze :$bNerbini,$c2012 (stampa 2013) 300 $a693 p. :$b[72] p. di tav. ;$c25 cm. 500 $aContiene : Cronologia della vita e delle opere. 700 1 $aConvegno internazionale di studi storici «Antonino Pierozzi OP (1389-1459). La figura e l'opera di una santo arcivescovo nell'Europa del Quattrocento» <2009 ; Firenze>.$0(OLS)http://semarc/name/77781 700 1 $aPaoli, Maria Pia.$0(OLS)http://semarc/name/77783 700 1 $aCinelli, Luciano .$0(OLS)http://semarc/name/93933 773 0 $tMemorie Domenicane.$dFirenze : Nerbini, 2005-     .$x1121-9343$w()2464 774 0 $t[vedi periodico].$w()279884 850 $aSeMil 852 $aSeMil$W1$xVenegono$y1$m27 4 52$j173132$B173132$CSeMilBibl$Z2$F183899 $85 961 $aCambio: Scuola Cattolica 996 $6020$a978-88-6434-060-9$9(OLS)http://semarc/number/222453 996 $6245$aAntonino Pierozzi OP (1389-1459) :$bla figura e l'opera di un santo arcivescovo nell'Europa del Quattrocento : Atti del Convegno internazionale di studi storici, Firenze, 25-28 novembre 2009$9(OLS)http://semarc/title/319442 996 $6260$aFirenze :$bNerbini$9(OLS)http://semarc/publisher/32321 LEADER 01238nas a2200229 i 4500 001 000000234795 003 CaOOAMICUS 005 20180830230254.0 008 180830b2011 it uu u0 0ita r 013 $a213698 040 $aSeMil$bita 245 10$aRosa Gemelli Manzoni. La "zia di Orta" di Alessandro Manzoni ; L'arenaria di Viganò ... ; 26 marzo 1913. Duplice omicidio a Verderio ; Fuentes :$bmanutenzione e restauro del forte tra passato e presente (1661-2011) 260 $aOggiono (LC) :$bCattaneo,$c2011. 300 $a104 p. :$bill. ;$c24 cm. 500 $aTitoli dalla copertina. 773 0 $tArchivi di Lecco e della Provincia.$dOggiono (LC) : Cattaneo, 2004.$x1824-7059$w()15039 774 0 $t[vedi periodico].$w()282147 850 $aSeMil 852 $aSeMil$W1$xVenegono$y1$m$j2960$B185141$CSeMilBibl$Z2$F0 $82 961 $aAbbonamento: Cattaneo Editore 996 $6245$aRosa Gemelli Manzoni. La "zia di Orta" di Alessandro Manzoni ; L'arenaria di Viganò ... ; 26 marzo 1913. Duplice omicidio a Verderio ; Fuentes :$bmanutenzione e restauro del forte tra passato e presente (1661-2011)$9(OLS)http://semarc/title/334956 996 $6260$aOggiono (LC) :$bCattaneo$9(OLS)http://semarc/publisher/33326